000 00193nam a2200073Ia 4500
008 170817s9999 xx 000 0 und d
100 _aRAO DIGUMARATI BHASKAR
245 0 _aTEACHING READING CUCCESSFULLY
260 _bD.P.H . PUB.
999 _c36708
_d36708